Tribhuvan University Central Library

The literary study of the bible (Record no. 21984)

MARC details
000 -LEADER
fixed length control field 004630000a22002050004500
082 ## - DEWEY DECIMAL CLASSIFICATION NUMBER
Classification number 809.93522
Item number M862L
-- Rare
041 ## - LANGUAGE CODE
Language code of text/sound track or separate title Eng
100 ## - MAIN ENTRY--PERSONAL NAME
Personal name Moulton, Richard G.
245 ## - TITLE STATEMENT
Title The literary study of the bible
260 ## - PUBLICATION, DISTRIBUTION, ETC. (IMPRINT)
Place of publication, distribution, etc New York
Name of publisher, distributor, etc D.C. Health, USA
260 ## - PUBLICATION, DISTRIBUTION, ETC. (IMPRINT)
Date of publication, distribution, etc n.d.
300 ## - PHYSICAL DESCRIPTION
Extent xvi, 596p.
518 ## - DATE/TIME AND PLACE OF AN EVENT NOTE
Date/time and place of an event note 20000818
530 ## - ADDITIONAL PHYSICAL FORM AVAILABLE NOTE
Additional physical form available note M
650 ## - SUBJECT ADDED ENTRY--TOPICAL TERM
Topical term or geographic name as entry element English literature
650 ## - SUBJECT ADDED ENTRY--TOPICAL TERM
Topical term or geographic name as entry element Bible
650 ## - SUBJECT ADDED ENTRY--TOPICAL TERM
Topical term or geographic name as entry element Buddhism
650 ## - SUBJECT ADDED ENTRY--TOPICAL TERM
Topical term or geographic name as entry element Christianity
942 ## - ADDED ENTRY ELEMENTS (KOHA)
Koha item type General Collections
Holdings
Withdrawn status Lost status Damaged status Not for loan Home library Current library Date acquired Total Checkouts Barcode Date last seen Price effective from Source of classification or shelving scheme Full call number Koha item type
        Tribhuvan University Central Library Tribhuvan University Central Library 06/20/2010   G38500 06/20/2010 06/20/2010      
        Tribhuvan University Central Library Tribhuvan University Central Library 01/12/2011   24409 01/12/2011 01/12/2011 Dewey Decimal Classification 809.93522 M862L General Collections